000 01517nam a2200289Ia 4500
003 OSt
005 20210108122818.0
008 191128s2012 ck ad gr 000 0dspa d
020 _a9789587620658
040 _aCO-JMCR
_cCO-JMCR
041 0 _aspa
082 0 4 _a658.83 /
_bJ171g
_223
100 1 _aJaramillo Restrepo, Diego,
_eautor
_912243
245 1 0 _aGerencia de la innovación :
_bhacia una sociedad creadora de soluciones útiles /
_cDiego Jaramillo Restrepo
250 _aPrimera edición
260 _aBogotá :
_bEdiciones de la U,
_c2012
300 _a100 páginas :
_bgráficos a blanco y negro ;
_c21 cm.
490 0 _aGestión y emprendimiento
500 _aIncluye datos biográficos del autor en solapa posterior y notas a pie de página
504 _aBibliografía: páginas 99 -100
505 0 _aInnovación: conceptos -- Innovar. Hacia una empresa ambidextra -- Segmentación y realidades del mercado -- Redes virtuales e innovación abierta -- Caso: Corea del Sur, un referente obligado como sociedad innovadora -- Hacia una sociedad innovadora
520 3 _aEste texto plantea y argumenta la necesidad de que la empresa, para lograr competitividad, debe trabajar con dos estructuras diferentes y complementarias: 1. Aquella estructura que se responsabiliza por la correcta administración del presente y 2. Otra es
650 1 4 _aInnovación
_xconceptos
_912805
650 1 4 _aSegmentación y realidades del mercado
_912806
650 1 4 _aSociedad innovadora
_912807
942 _2ddc
_cBK
999 _c6204
_d6204